Statistiques concernant Circuits de Mario Kart GBA

Cliquez ici pour prendre le quiz!

Statistiques générales

  • Ce quiz a été pris 9 fois
  • Le résultat moyen est 28 sur 40

Statistiques - réponses

HintRéponse% Correct
Route Arc-en-ciel
100%
Route Arc-en-ciel
100%
Coupe FleurCircuit Mario
89%
Coupe ChampignonCircuit Peach
89%
Château de Bowser 1
78%
Château de Bowser 1
78%
Château de Bowser 2
78%
Coupe Extra ÉclairChâteau de Bowser 2
78%
Château de Bowser 3
78%
Château de Bowser 3
78%
Coupe ÉclairCircuit Luigi
78%
Coupe Extra FleurCircuit Mario 2
78%
Circuit Mario 3
78%
Jardin Volant
78%
Lac Boo
78%
Pays Fromage
78%
Plage Maskass
78%
Plaine Donut 2
78%
Plaine Donut 3
78%
Vallée Fantôme 1
78%
Château de Bowser 4
67%
Coupe Extra ChampignonCircuit Mario 1
67%
Circuit Mario 4
67%
Île Choco 1
67%
Île Choco 2
67%
Coupe Extra ÉtoileLac Vanille 1
67%
Lac Vanille 2
67%
Pays Crépuscule
67%
Coupe ÉtoilePays Neigeux
67%
Plage Koopa 1
67%
Coupe Extra SpécialePlage Koopa 2
67%
Plaine Donut 1
67%
Route Ruban
67%
Vallée Fantôme 2
67%
Vallée Fantôme 3
67%
Île Cheep Cheep
56%
Désert Yoshi
44%
Riverside Parc
44%
Jetée Cassée
33%
Coupe SpécialeLakeside Parc
33%

Distribution des résultats

Percentile par nombre de réponses

% des personnes avec chaque résultat

Votre développement - résultats

Vous n’avez pas pris ce quiz